Applied survey methods (Record no. 110421)
[ view plain ]
| 000 -LEADER | |
|---|---|
| fixed length control field | 01589cam a22002535a 4500 |
| 001 - CONTROL NUMBER | |
| control field | 149217 |
| 008 - FIXED-LENGTH DATA ELEMENTS--GENERAL INFORMATION | |
| fixed length control field | 100204s2009 xxk f 000 0 eng d |
| 020 ## - INTERNATIONAL STANDARD BOOK NUMBER | |
| International Standard Book Number | 9780470494981 |
| 035 ## - SYSTEM CONTROL NUMBER | |
| System control number | (Sirsi) u149217 |
| 041 0# - LANGUAGE CODE | |
| Language code of text/sound track or separate title | eng |
| 050 04 - LIBRARY OF CONGRESS CALL NUMBER | |
| Classification number | 690.2 |
| 100 1# - MAIN ENTRY--PERSONAL NAME | |
| Personal name | Bethlehem, Jelke |
| 245 00 - TITLE STATEMENT | |
| Title | Applied survey methods |
| Remainder of title | a statistical perspective |
| Medium | [electronic resource] |
| 260 ## - PUBLICATION, DISTRIBUTION, ETC. | |
| Place of publication, distribution, etc. | [s.L.]John Wiley & Sons |
| Date of publication, distribution, etc. | 2009 |
| 300 ## - PHYSICAL DESCRIPTION | |
| Extent | eBook |
| 505 2# - FORMATTED CONTENTS NOTE | |
| Formatted contents note | 1. The Survey Process -- 2. Basic Concepts -- 3. Questionnaire Design -- 4. Single Sampling Designs -- 5. Composite Sampling Designs -- 6. Estimators -- 7. Data Collection -- 8. The Quality of the Results -- 9. The Nonresponse Problem -- 10. Weighting Adjustment -- 11. Online Surveys -- 12. Analysis and Publication -- 13. Statistical Disclosure Control |
| 520 ## - SUMMARY, ETC. | |
| Summary, etc. | This eBook emphasises the statistical aspects of survey methods and describes the complete survey process, from design to publication. This eBook provides an overview of the theory as well as the practical applications of survey research methods, such as item and unit non-response and the associated treatment. Practicing statisticians, survey methodologists, and graduate students will discover topics not found in any other survey methodology books, including weighting methods, data editing, web surveys and disclosure control. |
| 590 ## - LOCAL NOTE (RLIN) | |
| Local note | KA NTK |
| 650 24 - SUBJECT ADDED ENTRY--TOPICAL TERM | |
| Topical term or geographic name entry element | EBOOK |
| 651 #4 - SUBJECT ADDED ENTRY--GEOGRAPHIC NAME | |
| Geographic name | United Kingdom |
| Chronological subdivision | |
| 690 ## - LOCAL SUBJECT ADDED ENTRY--TOPICAL TERM (OCLC, RLIN) | |
| Topical term or geographic name as entry element | Building surveying |
| 9 (RLIN) | 6225 |
| 856 48 - ELECTRONIC LOCATION AND ACCESS | |
| Uniform Resource Identifier | <a href="https://www.vlebooks.com/">https://www.vlebooks.com/</a> |
| Public note | View on VLEbooks. Logins for members only from [email protected] |
| 942 ## - ADDED ENTRY ELEMENTS (KOHA) | |
| Suppress in OPAC | 0 |
| Withdrawn status | Lost status | Source of classification or shelving scheme | Damaged status | Not for loan | Home library | Current library | Shelving location | Date acquired | Cost, normal purchase price | Total Checkouts | Full call number | Barcode | Date last seen | Copy number | Cost, replacement price | Price effective from | Koha item type |
|---|---|---|---|---|---|---|---|---|---|---|---|---|---|---|---|---|---|
| Dewey Decimal Classification | Virtual | Virtual | Online | 04/02/2010 | 70.26 | EBOOK | 149217-2001 | 06/08/2019 | 1 | 70.26 | 06/08/2019 | Book |